[Event "escc2023_65"]
[Site "?"]
[Date "2023.06.03"]
[Round "9.11"]
[White "Ubezio, Marco"]
[Black "Wengholm, Anders"]
[Result "1-0"]
[BlackElo "2167"]
[WhiteElo "2112"]
[LiveChessVersion "1.4.8"]

1. d4 {[%clk 1:30:55]} d5 {[%clk 1:30:57]} 2. Nf3 {[%clk 1:31:17]} e6
{[%clk 1:31:04]} 3. c4 {[%clk 1:31:37]} Nf6 {[%clk 1:31:16]} 4. g3
{[%clk 1:31:47]} Be7 {[%clk 1:30:34]} 5. Bg2 {[%clk 1:32:08]} O-O
{[%clk 1:30:55]} 6. O-O {[%clk 1:32:15]} dxc4 {[%clk 1:30:54]} 7. Ne5
{[%clk 1:32:30]} Nc6 {[%clk 1:30:07]} 8. Nxc6 {[%clk 1:32:47]} bxc6
{[%clk 1:30:32]} 9. Na3 {[%clk 1:33:04]} Rb8 {[%clk 1:30:00]} 10. Nxc4
{[%clk 1:33:12]} c5 {[%clk 1:28:20]} 11. Ne5 {[%clk 1:31:08]} Bd7
{[%clk 1:23:27]} 12. dxc5 {[%clk 1:29:32]} Bxc5 {[%clk 1:22:53]} 13. Bg5
{[%clk 1:26:22]} Bd6 {[%clk 1:21:38]} 14. Nxd7 {[%clk 1:13:46]} Qxd7
{[%clk 1:21:57]} 15. Bxf6 {[%clk 1:13:55]} gxf6 {[%clk 1:22:19]} 16. Qd4
{[%clk 1:13:25]} Qe7 {[%clk 1:21:25]} 17. b3 {[%clk 1:08:57]} a5 {[%clk 1:20:30]}
18. Rac1 {[%clk 1:08:20]} Be5 {[%clk 1:17:27]} 19. Qg4+ {[%clk 1:03:44]} Kh8
{[%clk 1:17:16]} 20. Qh4 {[%clk 1:01:46]} Bd6 {[%clk 1:15:04]} 21. Rfd1
{[%clk 0:56:35]} Rg8 {[%clk 0:57:01]} 22. Be4 {[%clk 0:48:56]} Rg7
{[%clk 0:48:32]} 23. Rc4 {[%clk 0:45:50]} Rb4 {[%clk 0:47:43]} 24. Rdc1
{[%clk 0:40:40]} Kg8 {[%clk 0:46:00]} 25. Rxb4 {[%clk 0:39:37]} axb4
{[%clk 0:46:16]} 26. Rc6 {[%clk 0:38:53]} f5 {[%clk 0:44:26]} 27. Qxe7
{[%clk 0:39:10]} Bxe7 {[%clk 0:44:51]} 28. Rxc7 {[%clk 0:39:10]} Bf8
{[%clk 0:44:40]} 29. Bd3 {[%clk 0:38:53]} f4 {[%clk 0:45:02]} 30. Rc8
{[%clk 0:38:43]} h6 {[%clk 0:41:16]} 31. Kg2 {[%clk 0:38:12]} fxg3
{[%clk 0:41:26]} 32. hxg3 {[%clk 0:38:35]} Rg5 {[%clk 0:41:44]} 33. Ra8
{[%clk 0:36:37]} Kg7 {[%clk 0:41:47]} 34. Bc4 {[%clk 0:34:42]} Rc5
{[%clk 0:38:12]} 35. Ra7 {[%clk 0:33:03]} Kg8 {[%clk 0:33:26]} 36. f4
{[%clk 0:32:07]} Rc8 {[%clk 0:32:25]} 37. f5 {[%clk 0:26:53]} Re8
{[%clk 0:32:14]} 38. Rb7 {[%clk 0:08:07]} Bd6 {[%clk 0:17:56]} 39. Rb6
{[%clk 0:03:55]} Rd8 {[%clk 0:18:10]} 40. fxe6 {[%clk 0:03:45]} fxe6
{[%clk 0:18:35]} 41. Bxe6+ {[%clk 0:03:14]} Kg7 {[%clk 0:18:55]} 42. e4
{[%clk 0:02:46]} Bf8 {[%clk 0:17:36]} 43. Bd5 {[%clk 0:02:49]} Rc8
{[%clk 0:17:41]} 44. Kf3 {[%clk 0:01:35]} Rc3+ {[%clk 0:17:16]} 45. Kf4
{[%clk 0:30:21]} Bc5 {[%clk 0:46:50]} 46. Rb7+ {[%clk 0:30:20]} Kf8
{[%clk 0:44:36]} 47. e5 {[%clk 0:23:27]} Rc2 {[%clk 0:44:11]} 48. Kf5
{[%clk 0:20:28]} Rxa2 {[%clk 0:44:07]} 49. Rf7+ {[%clk 0:17:05]} Ke8
{[%clk 0:44:35]} 50. Rc7 {[%clk 0:16:01]} Bf2 {[%clk 0:41:36]} 51. e6
{[%clk 0:12:00]} Re2 {[%clk 0:40:28]} 52. Bc6+ {[%clk 0:09:13]} Kf8
{[%clk 0:39:52]} 53. Be4 {[%clk 0:07:08]} Rd2 {[%clk 0:38:42]} 54. Rf7+
{[%clk 0:06:29]} Kg8 {[%clk 0:39:02]} 55. Kg6 {[%clk 0:06:10]} Bxg3
{[%clk 0:36:32]} 56. e7 {[%clk 0:06:17]} Rd6+ {[%clk 0:36:24]} 57. Rf6
{[%clk 0:06:40]} 1-0

[Event "escc2023_65"]
[Site "?"]
[Date "2023.06.03"]
[Round "9.12"]
[White "Furman, Boris"]
[Black "Van Herck, Marcel"]
[Result "1-0"]
[BlackElo "2009"]
[WhiteElo "2142"]
[LiveChessVersion "1.4.8"]

1. d4 {[%clk 1:30:55]} Nf6 {[%clk 1:30:37]} 2. c4 {[%clk 1:31:17]} g6
{[%clk 1:30:57]} 3. Nc3 {[%clk 1:31:39]} Bg7 {[%clk 1:31:06]} 4. Nf3
{[%clk 1:31:59]} O-O {[%clk 1:31:14]} 5. Bg5 {[%clk 1:32:10]} h6 {[%clk 1:31:20]}
6. Bh4 {[%clk 1:32:35]} c5 {[%clk 1:29:04]} 7. d5 {[%clk 1:32:56]} d6
{[%clk 1:29:23]} 8. e3 {[%clk 1:33:14]} g5 {[%clk 1:27:00]} 9. Bg3
{[%clk 1:32:42]} Nh5 {[%clk 1:27:19]} 10. Nd2 {[%clk 1:33:03]} Nxg3
{[%clk 1:27:30]} 11. hxg3 {[%clk 1:33:26]} f5 {[%clk 1:20:19]} 12. Be2
{[%clk 1:32:42]} Nd7 {[%clk 1:17:31]} 13. f4 {[%clk 1:32:33]} Nf6
{[%clk 1:16:30]} 14. fxg5 {[%clk 1:31:54]} hxg5 {[%clk 1:16:50]} 15. g4
{[%clk 1:28:50]} e5 {[%clk 1:13:42]} 16. Qc2 {[%clk 1:20:58]} e4 {[%clk 1:00:12]}
17. gxf5 {[%clk 1:12:51]} Bxf5 {[%clk 1:00:18]} 18. O-O-O {[%clk 1:08:44]} Qe7
{[%clk 1:00:18]} 19. Rdf1 {[%clk 1:06:14]} Bg6 {[%clk 1:00:25]} 20. Nd1
{[%clk 1:04:15]} b5 {[%clk 0:58:40]} 21. cxb5 {[%clk 1:03:55]} Bf7
{[%clk 0:56:37]} 22. Nc3 {[%clk 1:04:06]} Nxd5 {[%clk 0:56:33]} 23. Rxf7
{[%clk 1:03:30]} Rxf7 {[%clk 0:56:49]} 24. Nxd5 {[%clk 1:03:54]} 1-0

[Event "escc2023_65"]
[Site "?"]
[Date "2023.06.03"]
[Round "9.13"]
[White "Serra Olives, Tomas"]
[Black "Madebrink, Lars"]
[Result "1-0"]
[BlackElo "2136"]
[WhiteElo "2004"]
[LiveChessVersion "1.4.8"]

1. e4 {[%clk 1:30:46]} d5 {[%clk 1:30:55]} 2. exd5 {[%clk 1:31:10]} Nf6
{[%clk 1:31:19]} 3. d4 {[%clk 1:31:05]} Nxd5 {[%clk 1:31:38]} 4. Nf3
{[%clk 1:27:48]} g6 {[%clk 1:31:11]} 5. c4 {[%clk 1:27:05]} Nb6 {[%clk 1:31:26]}
6. Nc3 {[%clk 1:27:13]} Bg7 {[%clk 1:31:19]} 7. Be3 {[%clk 1:26:07]} O-O
{[%clk 1:31:07]} 8. h3 {[%clk 1:25:43]} Nc6 {[%clk 1:30:51]} 9. Qd2
{[%clk 1:23:28]} e5 {[%clk 1:29:41]} 10. d5 {[%clk 1:18:04]} Ne7 {[%clk 1:29:34]}
11. Bh6 {[%clk 1:14:22]} Bxh6 {[%clk 1:18:27]} 12. Qxh6 {[%clk 1:14:22]} Nf5
{[%clk 1:18:48]} 13. Qd2 {[%clk 1:14:41]} e4 {[%clk 1:18:12]} 14. Nd4
{[%clk 1:12:09]} e3 {[%clk 1:17:49]} 15. fxe3 {[%clk 1:09:12]} Ng3
{[%clk 1:13:36]} 16. Rg1 {[%clk 1:06:47]} Nxf1 {[%clk 1:11:27]} 17. Rxf1
{[%clk 1:07:03]} Nxc4 {[%clk 1:11:45]} 18. Qf2 {[%clk 0:51:38]} Qg5
{[%clk 0:42:48]} 19. e4 {[%clk 0:31:50]} Bd7 {[%clk 0:38:09]} 20. Nf3
{[%clk 0:26:11]} Qf4 {[%clk 0:35:31]} 21. Qd4 {[%clk 0:21:28]} b5
{[%clk 0:30:29]} 22. b3 {[%clk 0:21:18]} Nb6 {[%clk 0:23:57]} 23. Qd2
{[%clk 0:16:45]} Qg3+ {[%clk 0:23:14]} 24. Qf2 {[%clk 0:16:55]} Qd6
{[%clk 0:21:31]} 25. O-O-O {[%clk 0:13:21]} a5 {[%clk 0:15:45]} 26. e5
{[%clk 0:05:28]} Qb4 {[%clk 0:15:21]} 27. Qd4 {[%clk 0:04:17]} Qa3+
{[%clk 0:14:56]} 28. Kd2 {[%clk 0:03:56]} b4 {[%clk 0:14:03]} 29. Ne4
{[%clk 0:03:42]} Be6 {[%clk 0:07:27]} 30. Nf6+ {[%clk 0:02:29]} Kg7
{[%clk 0:07:47]} 31. Qh4 {[%clk 0:02:49]} h6 {[%clk 0:07:09]} 32. Ke1
{[%clk 0:01:28]} a4 {[%clk 0:04:50]} 33. Ng5 {[%clk 0:01:20]} Bxd5
{[%clk 0:03:53]} 34. Nxd5 {[%clk 0:01:21]} Nxd5 {[%clk 0:04:14]} 35. Ne4
{[%clk 0:01:09]} Ne3 {[%clk 0:03:47]} 36. Qf6+ {[%clk 0:00:54]} Kh7
{[%clk 0:04:02]} 37. Rf3 {[%clk 0:00:42]} Nxd1 {[%clk 0:04:07]} 38. Qe7
{[%clk 0:00:50]} Kg8 {[%clk 0:03:51]} 39. Nf6+ {[%clk 0:01:01]} Kg7
{[%clk 0:04:03]} 40. Nh5+ {[%clk 0:00:52]} Kg8 {[%clk 0:03:52]} 41. Qf6
{[%clk 0:00:54]} 1-0

[Event "escc2023_65"]
[Site "?"]
[Date "2023.06.03"]
[Round "9.14"]
[White "Taksrud, Vidar"]
[Black "Stokes, Michael"]
[Result "0-1"]
[BlackElo "1973"]
[WhiteElo "1885"]
[LiveChessVersion "1.4.8"]

1. d4 {[%clk 1:30:51]} Nf6 {[%clk 1:30:56]} 2. Nf3 {[%clk 1:31:11]} g6
{[%clk 1:31:21]} 3. g3 {[%clk 1:31:29]} Bg7 {[%clk 1:31:47]} 4. Bg2
{[%clk 1:31:50]} O-O {[%clk 1:32:06]} 5. O-O {[%clk 1:32:05]} c6 {[%clk 1:32:33]}
6. a4 {[%clk 1:31:27]} d5 {[%clk 1:32:54]} 7. a5 {[%clk 1:31:42]} Nbd7
{[%clk 1:32:27]} 8. h3 {[%clk 1:31:36]} Re8 {[%clk 1:32:41]} 9. Nc3
{[%clk 1:29:50]} e5 {[%clk 1:32:18]} 10. dxe5 {[%clk 1:30:10]} Nxe5
{[%clk 1:32:44]} 11. Nxe5 {[%clk 1:30:28]} Rxe5 {[%clk 1:33:09]} 12. e4
{[%clk 1:28:36]} d4 {[%clk 1:25:51]} 13. Be3 {[%clk 1:24:29]} c5 {[%clk 1:17:03]}
14. Bf4 {[%clk 1:24:05]} Re8 {[%clk 1:14:07]} 15. Nb5 {[%clk 1:23:51]} Re7
{[%clk 1:08:13]} 16. Nd6 {[%clk 1:18:48]} Nh5 {[%clk 1:02:56]} 17. Nxc8
{[%clk 1:16:59]} Rxc8 {[%clk 1:03:18]} 18. Bg5 {[%clk 1:17:00]} Bf6
{[%clk 1:01:54]} 19. Bh6 {[%clk 1:13:07]} c4 {[%clk 0:49:40]} 20. g4
{[%clk 1:01:26]} Ng7 {[%clk 0:48:01]} 21. f4 {[%clk 0:58:35]} d3 {[%clk 0:44:05]}
22. c3 {[%clk 0:56:50]} Rd7 {[%clk 0:39:32]} 23. e5 {[%clk 0:54:52]} Be7
{[%clk 0:39:32]} 24. Kh1 {[%clk 0:50:41]} Rc5 {[%clk 0:37:57]} 25. a6
{[%clk 0:50:07]} b5 {[%clk 0:35:30]} 26. Qf3 {[%clk 0:49:56]} Bh4
{[%clk 0:34:07]} 27. Qe4 {[%clk 0:45:01]} d2 {[%clk 0:24:04]} 28. Rad1
{[%clk 0:45:02]} f5 {[%clk 0:20:43]} 29. Qe3 {[%clk 0:42:39]} Ne6
{[%clk 0:19:12]} 30. gxf5 {[%clk 0:42:16]} gxf5 {[%clk 0:19:33]} 31. Bf3
{[%clk 0:42:10]} Rcc7 {[%clk 0:17:02]} 32. Qg1+ {[%clk 0:41:11]} Kh8
{[%clk 0:16:40]} 33. Qg2 {[%clk 0:40:15]} Be1 {[%clk 0:15:27]} 34. Rg1
{[%clk 0:29:19]} Rd3 {[%clk 0:13:42]} 35. Bg5 {[%clk 0:22:31]} Nxg5
{[%clk 0:13:56]} 36. fxg5 {[%clk 0:22:59]} Qe8 {[%clk 0:11:20]} 37. Be2
{[%clk 0:19:17]} Rg3 {[%clk 0:11:23]} 38. Qf1 {[%clk 0:16:26]} Qxe5
{[%clk 0:10:18]} 39. Rxg3 {[%clk 0:16:47]} Bxg3 {[%clk 0:07:04]} 40. Rxd2
{[%clk 0:16:55]} Re7 {[%clk 0:06:52]} 41. Kg2 {[%clk 0:08:51]} f4
{[%clk 0:03:55]} 42. Bg4 {[%clk 0:05:08]} Bh4 {[%clk 0:29:54]} 43. Qf3
{[%clk 0:26:54]} Qxg5 {[%clk 0:27:19]} 44. Rd8+ {[%clk 0:23:17]} Kg7
{[%clk 0:27:41]} 45. Rd5 {[%clk 0:23:40]} Qg6 {[%clk 0:23:57]} 46. Qd1
{[%clk 0:21:32]} f3+ {[%clk 0:22:37]} 47. Qxf3 {[%clk 0:21:32]} Qc2+
{[%clk 0:22:59]} 48. Rd4 Qg6 49. Rd5 Re2+ 50. Qf4 0-1

[Event "escc2023_65"]
[Site "?"]
[Date "2023.06.03"]
[Round "9.15"]
[White "Kierzek, Mira"]
[Black "Koehler, Gerhard"]
[Result "0-1"]
[BlackElo "2205"]
[WhiteElo "1955"]
[LiveChessVersion "1.4.8"]

1. d4 {[%clk 1:30:54]} Nf6 {[%clk 1:30:54]} 2. c4 {[%clk 1:31:03]} e6
{[%clk 1:30:58]} 3. Nf3 {[%clk 1:29:19]} b6 {[%clk 1:30:50]} 4. g3
{[%clk 1:29:29]} Ba6 {[%clk 1:31:04]} 5. Qc2 {[%clk 1:28:33]} c5 {[%clk 1:30:50]}
6. Bg2 {[%clk 1:25:48]} Bb7 {[%clk 1:30:29]} 7. dxc5 {[%clk 1:16:56]} Bxc5
{[%clk 1:27:40]} 8. O-O {[%clk 1:16:41]} O-O {[%clk 1:26:25]} 9. Nc3
{[%clk 1:16:00]} Be7 {[%clk 1:23:55]} 10. a3 {[%clk 1:12:29]} d6 {[%clk 1:23:22]}
11. Rd1 {[%clk 1:10:53]} a6 {[%clk 1:23:04]} 12. e4 {[%clk 0:56:35]} Qc7
{[%clk 1:22:26]} 13. Qe2 {[%clk 0:50:37]} Nbd7 {[%clk 1:22:14]} 14. Bf4
{[%clk 0:45:44]} Ne5 {[%clk 1:21:27]} 15. Nxe5 {[%clk 0:42:48]} dxe5
{[%clk 1:21:54]} 16. Bg5 {[%clk 0:35:09]} Rac8 {[%clk 1:17:53]} 17. Bxf6
{[%clk 0:33:58]} Bxf6 {[%clk 1:17:50]} 18. Bf1 {[%clk 0:34:01]} Rfd8
{[%clk 1:16:09]} 19. Rxd8+ {[%clk 0:30:40]} Rxd8 {[%clk 1:16:29]} 20. Rd1
{[%clk 0:29:58]} Rd4 {[%clk 1:16:22]} 21. Kg2 {[%clk 0:26:54]} g6
{[%clk 1:15:35]} 22. f3 {[%clk 0:23:34]} Bg7 {[%clk 1:14:42]} 23. Qe3
{[%clk 0:22:26]} Qd8 {[%clk 1:14:33]} 24. Be2 {[%clk 0:21:05]} h5
{[%clk 1:14:33]} 25. Kh3 {[%clk 0:15:30]} Kh7 {[%clk 1:12:49]} 26. Rxd4
{[%clk 0:10:38]} exd4 {[%clk 1:11:39]} 27. Qd3 {[%clk 0:10:54]} Qe8
{[%clk 1:09:51]} 28. Nd1 {[%clk 0:11:02]} e5 {[%clk 1:09:30]} 29. Nf2
{[%clk 0:10:32]} Bh6 {[%clk 1:08:17]} 30. Qb3 {[%clk 0:10:33]} Qe6+
{[%clk 1:08:26]} 31. Kg2 {[%clk 0:10:30]} Bc8 {[%clk 1:08:33]} 32. h3
{[%clk 0:04:39]} Be3 {[%clk 1:07:58]} 33. g4 {[%clk 0:05:00]} Bxf2
{[%clk 1:01:14]} 34. Kxf2 {[%clk 0:05:21]} Qf6 {[%clk 1:01:34]} 35. Kg2
{[%clk 0:04:51]} h4 {[%clk 1:00:49]} 36. Kf2 {[%clk 0:02:55]} Qf4
{[%clk 1:00:31]} 37. Bf1 {[%clk 0:03:00]} Qg3+ {[%clk 0:53:29]} 38. Ke2
{[%clk 0:03:23]} Be6 {[%clk 0:53:47]} 39. Qc2 {[%clk 0:02:06]} Qh2+
{[%clk 0:36:16]} 40. Kd1 {[%clk 0:02:09]} Qxc2+ {[%clk 0:36:36]} 41. Kxc2
{[%clk 0:02:33]} Kh6 {[%clk 0:36:59]} 42. b4 {[%clk 0:02:32]} Kg5
{[%clk 0:32:12]} 43. c5 {[%clk 0:02:24]} bxc5 {[%clk 0:32:16]} 44. bxc5
{[%clk 0:02:46]} Kf4 {[%clk 0:30:31]} 45. Bxa6 {[%clk 0:29:47]} Kg3
{[%clk 1:00:47]} 46. Bf1 {[%clk 0:25:42]} Kf2 {[%clk 1:00:44]} 47. Bd3
{[%clk 0:25:54]} Kg2 {[%clk 1:01:06]} 48. c6 {[%clk 0:24:50]} Kxh3
{[%clk 1:01:19]} 49. c7 {[%clk 0:23:29]} Kg3 {[%clk 1:01:10]} 0-1

[Event "escc2023_65"]
[Site "?"]
[Date "2023.06.03"]
[Round "9.16"]
[White "Schmuki, Roman"]
[Black "Luminet, Denis"]
[Result "0-1"]
[BlackElo "2146"]
[WhiteElo "1932"]
[LiveChessVersion "1.4.8"]

1. e4 {[%clk 1:30:56]} c5 {[%clk 1:30:26]} 2. Nf3 {[%clk 1:31:19]} d6
{[%clk 1:30:49]} 3. d4 {[%clk 1:31:42]} Nf6 {[%clk 1:31:08]} 4. Nc3
{[%clk 1:32:05]} cxd4 {[%clk 1:31:28]} 5. Nxd4 {[%clk 1:32:31]} Nc6
{[%clk 1:31:30]} 6. Bg5 {[%clk 1:32:41]} e6 {[%clk 1:31:37]} 7. Qd2
{[%clk 1:33:04]} a6 {[%clk 1:31:27]} 8. O-O-O {[%clk 1:32:17]} Bd7
{[%clk 1:28:26]} 9. f3 {[%clk 1:32:00]} h6 {[%clk 1:17:32]} 10. Be3
{[%clk 1:32:08]} Be7 {[%clk 1:14:18]} 11. g4 {[%clk 1:28:26]} Qc7
{[%clk 1:11:11]} 12. Kb1 {[%clk 1:28:21]} Ne5 {[%clk 1:07:50]} 13. h4
{[%clk 1:25:20]} O-O-O {[%clk 0:57:15]} 14. Bd3 {[%clk 1:18:36]} Nc4
{[%clk 0:55:42]} 15. Bxc4 {[%clk 1:18:15]} Qxc4 {[%clk 0:56:05]} 16. Nce2
{[%clk 1:11:16]} Kb8 {[%clk 0:45:53]} 17. b3 {[%clk 1:11:04]} Qc7
{[%clk 0:45:38]} 18. c4 {[%clk 1:11:04]} Bc6 {[%clk 0:37:42]} 19. Nxc6+
{[%clk 1:05:06]} Qxc6 {[%clk 0:36:47]} 20. Nd4 {[%clk 1:04:24]} Qd7
{[%clk 0:33:32]} 21. Qf2 {[%clk 1:01:05]} h5 {[%clk 0:29:12]} 22. g5
{[%clk 1:01:00]} Ne8 {[%clk 0:29:31]} 23. Rd2 {[%clk 0:56:09]} Nc7
{[%clk 0:29:00]} 24. Rhd1 {[%clk 0:55:40]} g6 {[%clk 0:24:26]} 25. Nc2
{[%clk 0:51:13]} Qc8 {[%clk 0:21:47]} 26. Bf4 {[%clk 0:46:47]} e5
{[%clk 0:21:40]} 27. Be3 {[%clk 0:46:47]} b5 {[%clk 0:17:00]} 28. Bb6
{[%clk 0:39:40]} bxc4 {[%clk 0:16:10]} 29. Nb4 {[%clk 0:34:10]} Nb5
{[%clk 0:13:26]} 30. Rc1 {[%clk 0:31:46]} c3 {[%clk 0:13:07]} 31. Rd3
{[%clk 0:29:03]} Rd7 {[%clk 0:12:33]} 32. a4 {[%clk 0:28:42]} d5 {[%clk 0:11:13]}
33. Nxd5 {[%clk 0:28:36]} c2+ {[%clk 0:10:55]} 34. Ka2 {[%clk 0:28:04]} Rxd5
{[%clk 0:10:16]} 35. exd5 {[%clk 0:26:54]} Nc3+ {[%clk 0:10:33]} 36. Rxc3
{[%clk 0:26:13]} Qxc3 {[%clk 0:10:56]} 37. Rxc2 {[%clk 0:26:30]} Qb4
{[%clk 0:11:04]} 38. Rc4 {[%clk 0:26:30]} Qa3+ {[%clk 0:11:01]} 39. Kb1
{[%clk 0:26:36]} Qxb3+ {[%clk 0:11:12]} 40. Qb2 {[%clk 0:26:55]} Qxc4
{[%clk 0:04:39]} 41. Qxe5+ {[%clk 0:27:19]} Kb7 {[%clk 0:04:35]} 42. Qxe7+
{[%clk 0:26:59]} Kxb6 {[%clk 0:04:40]} 43. Qf6+ {[%clk 0:27:12]} Ka5
{[%clk 0:04:07]} 44. Qxh8 {[%clk 0:27:22]} Qxd5 {[%clk 0:03:29]} 45. Qf6
{[%clk 0:26:55]} Qc4 {[%clk 0:28:58]} 46. f4 {[%clk 0:52:16]} Kxa4
{[%clk 0:27:23]} 47. f5 {[%clk 0:50:25]} Qe4+ {[%clk 0:24:06]} 48. Kc1
{[%clk 0:50:37]} Qxf5 {[%clk 0:24:10]} 49. Qxa6+ {[%clk 0:51:00]} Kb4
{[%clk 0:24:10]} 50. Qb7+ {[%clk 0:50:45]} Kc4 {[%clk 0:23:42]} 51. Qc7+
{[%clk 0:50:17]} Kd3 {[%clk 0:19:32]} 52. Qg3+ {[%clk 0:46:09]} Ke4
{[%clk 0:19:13]} 53. Kc2 {[%clk 0:35:59]} Qf3 {[%clk 0:14:59]} 54. Qe1+
{[%clk 0:31:14]} Kf4 {[%clk 0:14:47]} 55. Kd2 {[%clk 0:28:45]} Kg4
{[%clk 0:14:30]} 56. Kc2 {[%clk 0:28:06]} Kh3 {[%clk 0:13:59]} 57. Kc1
{[%clk 0:23:12]} Qf4+ {[%clk 0:12:00]} 58. Kb2 {[%clk 0:23:03]} Qxh4
{[%clk 0:10:52]} 0-1

[Event "escc2023_65"]
[Site "?"]
[Date "2023.06.03"]
[Round "9.17"]
[White "Giacomini, Hector"]
[Black "Alquist, Erik"]
[Result "1-0"]
[BlackElo "1960"]
[WhiteElo "2126"]
[LiveChessVersion "1.4.8"]

1. Nf3 {[%clk 1:30:56]} Nf6 {[%clk 1:30:53]} 2. e3 {[%clk 1:31:22]} g6
{[%clk 1:30:34]} 3. d4 {[%clk 1:31:47]} Bg7 {[%clk 1:30:57]} 4. c4
{[%clk 1:32:10]} O-O {[%clk 1:31:17]} 5. Be2 {[%clk 1:32:34]} c5 {[%clk 1:30:26]}
6. dxc5 {[%clk 1:32:54]} Na6 {[%clk 1:30:20]} 7. O-O {[%clk 1:29:58]} Nxc5
{[%clk 1:30:34]} 8. b4 {[%clk 1:30:21]} Nfe4 {[%clk 1:27:49]} 9. Nd4
{[%clk 1:30:44]} Ne6 {[%clk 1:27:58]} 10. Bb2 {[%clk 1:30:41]} Qb6
{[%clk 1:27:38]} 11. a3 {[%clk 1:28:57]} d5 {[%clk 1:26:20]} 12. Bf3
{[%clk 1:27:14]} Nxd4 {[%clk 1:25:45]} 13. Bxd4 {[%clk 1:27:40]} Bxd4
{[%clk 1:26:07]} 14. Qxd4 {[%clk 1:28:04]} Qxd4 {[%clk 1:26:21]} 15. exd4
{[%clk 1:28:29]} Rd8 {[%clk 1:26:05]} 16. a4 {[%clk 1:26:57]} Bf5
{[%clk 1:26:11]} 17. Bxe4 {[%clk 1:26:20]} dxe4 {[%clk 1:25:57]} 18. Rd1
{[%clk 1:26:18]} a5 {[%clk 1:21:19]} 19. b5 {[%clk 1:25:51]} Rac8
{[%clk 1:21:30]} 20. Na3 {[%clk 1:23:37]} b6 {[%clk 1:19:22]} 21. h3
{[%clk 1:22:11]} h5 {[%clk 1:19:22]} 22. Rd2 {[%clk 1:19:12]} Rc7
{[%clk 1:14:00]} 23. Rad1 {[%clk 1:18:03]} e6 {[%clk 1:10:00]} 24. Kf1
{[%clk 1:11:33]} e3 {[%clk 1:06:17]} 25. fxe3 {[%clk 1:09:43]} Be4
{[%clk 1:03:31]} 26. Kf2 {[%clk 1:06:24]} Kg7 {[%clk 1:01:16]} 27. Rb2
{[%clk 1:04:48]} Rb8 {[%clk 0:56:07]} 28. Rb3 {[%clk 1:03:42]} Kf6
{[%clk 0:50:55]} 29. Rc3 {[%clk 1:03:02]} Rbc8 {[%clk 0:50:24]} 30. Rdc1
{[%clk 1:02:50]} Ke7 {[%clk 0:47:11]} 31. c5 {[%clk 0:51:27]} Bd5
{[%clk 0:46:36]} 32. Nc4 {[%clk 0:48:05]} Bxc4 {[%clk 0:45:16]} 33. Rxc4
{[%clk 0:48:11]} Kd7 {[%clk 0:43:07]} 34. Ke2 {[%clk 0:48:24]} f5
{[%clk 0:38:47]} 35. h4 {[%clk 0:42:33]} e5 {[%clk 0:34:37]} 36. c6+
{[%clk 0:41:21]} Kd6 {[%clk 0:34:44]} 37. dxe5+ {[%clk 0:41:44]} Kxe5
{[%clk 0:35:00]} 38. Rd1 {[%clk 0:41:37]} Ke6 {[%clk 0:34:12]} 39. Kf3
{[%clk 0:41:00]} Re8 {[%clk 0:33:37]} 40. Rcd4 {[%clk 0:39:58]} Rce7
{[%clk 0:31:39]} 41. Rd6+ {[%clk 0:39:50]} Kf7 {[%clk 0:31:39]} 42. Rd7
{[%clk 0:39:21]} Ke6 {[%clk 0:31:45]} 43. R1d6+ {[%clk 0:38:05]} Kf7
{[%clk 0:32:05]} 44. Kf4 {[%clk 0:37:11]} 1-0

[Event "escc2023_65"]
[Site "?"]
[Date "2023.06.03"]
[Round "9.18"]
[White "Biro, Sandor"]
[Black "Strand, Kjetil"]
[Result "1-0"]
[BlackElo "1942"]
[WhiteElo "2089"]
[LiveChessVersion "1.4.8"]

1. e4 {[%clk 1:30:57]} e5 {[%clk 1:30:52]} 2. f4 {[%clk 1:30:33]} Bc5
{[%clk 1:31:12]} 3. Nf3 {[%clk 1:30:43]} d6 {[%clk 1:31:30]} 4. c3
{[%clk 1:31:07]} Bb6 {[%clk 1:31:40]} 5. d3 {[%clk 1:26:05]} Nc6 {[%clk 1:27:31]}
6. Na3 {[%clk 1:22:19]} Nf6 {[%clk 1:23:27]} 7. Nc4 {[%clk 1:18:50]} O-O
{[%clk 1:22:03]} 8. fxe5 {[%clk 1:17:31]} dxe5 {[%clk 1:22:10]} 9. Nxb6
{[%clk 1:16:00]} axb6 {[%clk 1:22:26]} 10. Be2 h6 {[%clk 1:20:05]} 11. O-O
{[%clk 1:16:19]} Be6 {[%clk 1:16:35]} 12. a3 {[%clk 1:14:59]} Qd6
{[%clk 1:14:42]} 13. Kh1 {[%clk 1:12:25]} Na5 {[%clk 1:10:35]} 14. Be3
{[%clk 1:12:00]} c5 {[%clk 1:09:35]} 15. Qe1 {[%clk 1:08:01]} c4 {[%clk 0:59:57]}
16. d4 {[%clk 1:06:08]} Nxe4 {[%clk 0:58:02]} 17. Nxe5 {[%clk 1:02:04]} Rac8
{[%clk 0:49:23]} 18. Qh4 {[%clk 0:58:40]} Bd5 {[%clk 0:46:53]} 19. Bg4
{[%clk 0:57:13]} Rce8 {[%clk 0:41:59]} 20. Rae1 {[%clk 0:40:14]} Qe7
{[%clk 0:38:16]} 21. Qxe7 {[%clk 0:35:26]} Rxe7 {[%clk 0:38:25]} 22. Nd7
{[%clk 0:35:30]} Rfe8 {[%clk 0:33:49]} 23. Nxb6 {[%clk 0:34:59]} Nf6
{[%clk 0:32:54]} 24. Nxd5 {[%clk 0:33:18]} Nxd5 {[%clk 0:30:49]} 25. Bf2
{[%clk 0:33:24]} Nf4 {[%clk 0:28:30]} 26. Rxe7 {[%clk 0:28:52]} Rxe7
{[%clk 0:28:45]} 27. Bg3 {[%clk 0:29:05]} g5 {[%clk 0:27:30]} 28. Bxf4
{[%clk 0:23:51]} gxf4 {[%clk 0:27:55]} 29. h3 {[%clk 0:23:07]} Re3
{[%clk 0:25:29]} 30. Rxf4 {[%clk 0:22:13]} Nc6 {[%clk 0:25:01]} 31. Rf5
{[%clk 0:19:43]} Rd3 {[%clk 0:23:42]} 32. Rb5 {[%clk 0:19:29]} 1-0